000 01186nam a2200325 a 4500
001 000026053
003 DO-SdBNP
005 20160329135233.0
007 000026053
008 110228s2006 pe d 000 0 spa d
020 _a9684182163
040 _aBPMSU
_bspa
_cBPMSU
092 _aR 463.1
_bG748di
245 0 0 _aGran diccionario de sinónimos y antónimos time life /
_cBettina Cositorto, directora editorial.
260 _aMéxico :
_bEdiciones Culturales Internacionales,
_c2008
300 _a608 p. ;
_c27 cm. +
_ecd rom
500 _aLa biblioteca posee la 3a. reimpresión del 2008
650 4 _aESPAÑOL-
_xSINONIMOS Y ANTONIMOS -
_xDICCIONARIOS
700 1 2 _aCositorto, Bettina
_eed.
910 _aValidado. Control de calidad MFF
930 1 _lBND01
_mLF1
_820110228
_f02
_pHD
_g17009
_he. 2
930 1 _lBND01
_mLF1
_820140707
_f01
_pOI
_g45513
930 1 _lBND01
_mLF1
_820140707
_f01
_pOI
_g45513
930 1 _lBND01
_mLF1
_820110228
_f02
_pHD
_g17009
942 _2ddc
_cBK
956 _aYPOLANCO
_b10
_c20110228
_lBND01
_h0949
956 _aYLOCKWARD
_b10
_c20121024
_lBND01
_h1054
956 _aKLANTIGUA
_b10
_c20121106
_lBND01
_h1233
956 _aMFILETO
_b04
_c20130225
_lBND01
_h1319
999 _c7345
_d7345